00626cam a22002171 4500001001300000003000400013005001700017008004100034010001700075025001900092035002000111040001800131042001200149043002100161050002000182110005400202245007700256260001900333300001800352650003800370sa 64006254 DLC20260227112038.0881003s1963 ii 000 0 eng  asa 64006254  aPL480:I-E-2707 a(OCoLC)18554122 aDLCcWaUdDLC apremarc aa-cc---aa-ii---00aDS480.85b.I4852 aIndian Federation of United Nations Associations.10aChinese aggression;bsome facts United Nations associations should know. aDelhic[1963?] a10 p.c22 cm. 0aSino-Indian Border Dispute, 1957-